30 pays et leurs code-barres - Statistiques

Statistiques générales
  • Ce quiz a été pris 31 fois
  • Le résultat moyen est 21 sur 30
Statistiques - réponses
Code-barres Pays ou territoire % Correct
000 à 060 Etats-Unis
100%
300 jusqu'à 379 France
93%
690 jusqu'à 695 Chine
90%
400-440 Allemagne
87%
754-755 Canada
87%
450-459 et 490-499 Japon
87%
500-509 Royaume-Uni
83%
600-601 Afrique du Sud
80%
930-939 Australie
80%
789-790 Brésil
80%
800-839 Italie
80%
750 Mexique
80%
460-469 Russie
80%
880 Corée du Sud
77%
840-849 Espagne
77%
730-739 Suède
77%
890 Inde
73%
540 à 549 Belgique / Luxembourg
70%
640 à 649 Finlande
70%
940-949 Nouvelle-Zélande
70%
560 Portugal
67%
760-769 Suisse
67%
628 Arabie Saoudite
57%
900-919 Autriche
53%
629 Emirats Arabes Unis
53%
520 Grèce
53%
471 Taiwan
50%
615 Nigéria
47%
470 Kirghizistan
20%
478 Ouzbekistan
20%
Aucun quiz correspondant
Distribution des résultats
% des personnes avec chaque résultat
Percentile par nombre de réponses
Votre historique - résultats
Vous n’avez pas pris ce quiz